000 00677cam a2200241 4500500
005 20260405001629.0
041 _afre
042 _adc
100 1 0 _aWilliams, Patrick
_eauthor
245 0 0 _aChercheurs en énergie anatomique
260 _c2013.
500 _a2
690 _aCorps
690 _aDanse
690 _aInsomnie
690 _aIsabelle Queval
690 _aPatrick Williams
690 _aSport
690 _aTransgenre
690 _aUltramarathon
786 0 _nPhilosophie magazine | 74 | 11 | 2013-11-01 | p. 28-30 | 1951-1787
856 4 1 _uhttps://shs.cairn.info/magazine-philosophie-magazine-2013-11-page-28?lang=fr&redirect-ssocas=7080
999 _c2049431
_d2049431